Desaposentaȯ̂ Uma intrigante decisô do STF /

Detalles Bibliográficos
Autor principal: Novaes Martinez, Wladimir
Formato: eBook
Lenguaje:portugués
Publicado: San Pablo: LTR, 2018
Materias:
Acceso en línea:Acceso restringido

MARC

LEADER 00000nam a22000007a 4500
005 20180710231826.0
007 cr|||| ||||
008 180710s2018 br |||||s|||| 00||0 por d
020 |a 978-85-361-9588-9 
035 |a 21787 
040 |a vLex 
090 |c 8010  |d 8010 
100 1 |a Novaes Martinez, Wladimir 
245 1 0 |a Desaposentaȯ̂  |h [Recurso electrn̤ico] :  |b Uma intrigante decisô do STF /  |c Wladimir Novaes Martinez 
256 |a Servicio en ln̕ea 
260 |a San Pablo:  |b LTR,  |c 2018 
300 |a 1 recurso electrn̤ico 
500 |a Com a decisô do STF no RE n. 661.126/SC encerrou-se um longevo ciclo de debates sobre a desaposentaȯ̂. O Poder Judicir̀io entendeu que somente o Poder Legislativo pode disciplin-̀la. 
506 1 |a Disponible solo en los productos indicados  |d vLex Global  |d vLex Global (Academic Edition, excluding Law Schools)  |d vLex Global (U.S. Academic Edition, Law Schools)  |d vLex Global (U.S. Academic Edition, excluding Law Schools)  |d vLex Global (Academic Edition, Law Schools) 
650 0 4 |a Derecho Laboral y Seguridad Social  |z Brasil 
740 0 |a vLex Libros (Servicio en ln̕ea) 
856 4 0 |u http://vlex.com/source/desaposenta-o-uma-intrigante-decis-o-do-stf-21787  |z Acceso restringido 
942 |c BOOK 
999 0 |a Labor law and social security